000 00360nam a2200157Ia 4500
008 230711s9999||||xx |||||||||||||| ||und||
041 _aENG
082 _a720
_bNU-F
100 _aNute,Kevin
245 0 _aFrank lloyd wright and Japan
250 _a1st
260 _c1993
_aNew Delhi
_bChapman & Hall
300 _a244
650 _aArchitecture
942 _cBK
999 _c3277
_d3277